Journal of Human Resources

Saved in:
Bibliographic Details
Format: Serial
Language:English
Published: Madison University of Wisconsin Press 2019
Subjects:
Tags: Add Tag
No Tags, Be the first to tag this record!

MARC

LEADER 00000nas2a2200000 4500
001 0298333
005 20240117094735.6
022 |a 0022-166X 
041 0 |a eng 
044 |a US 
245 1 0 |a Journal of Human Resources 
264 1 |a Madison  |b University of Wisconsin Press  |c 2019 
773 0 |w eu_un_cat*s120826 
610 2 0 |a zdroje ľudské 
610 2 0 |a sociológia 
610 2 0 |a politika verejná 
610 2 0 |a vzdelávanie 
610 2 0 |a ekonómia 
610 2 0 |a práca